000 00537nam a22001937a 4500
003 DO-SdBNP
005 20211019111045.0
007 ta
008 210602e1999 dr ||||er|||| 001 pdspa d
040 _aDO-SdBNP
_bspa
_cBNPHU
041 _hspa
082 4 _aBNPHU
_bC794u
100 1 _910929
_aCordero Mejía, Miguel Ángel,
_d1960-
245 1 0 _aUn canto a la esperanza /
_cMiguel Ángel Cordero
260 _aSanto Domingo:
_bAmigo del Hogar,
_c1999
300 _a99 p. ;
_c20 cm.
590 _aInventariado, 2021/MF
942 _2ddc
_cLBS1
999 _c49871
_d49871